000 03097cam a22004574a 4500
999 _c7448
_d7448
001 7448
003 BD-JhCC
005 20180312133013.0
008 110609s2012 enk b 001 0 eng
020 _a9781444333893 (hardcover : alk. paper)
020 _a1444333895 (hardcover : alk. paper)
035 _a(BD-JhCC)7448
035 _aNHCCYBP
035 _a(OCoLC)730254134
035 _aNHCCYBP
040 _aDLC
_cDLC
_dYDX
_dBDX
_dYDXCP
_dUKMGB
_dBWX
_dIG#
_dZAD
_dCDX
_dCOO
_dOCLCQ
_dBD-JhCC
041 _aeng
050 0 0 _aE846
_b.C59 2012
082 0 0 _a973.923092
_223
099 _aE846.C59 2012
245 0 2 _aA companion to Lyndon B. Johnson /
_cedited by Mitchell B. Lerner.
260 _aChichester, West Sussex ;
_aMalden, MA :
_bWiley-Blackwell,
_c2012.
300 _axii, 604 p. ;
_c26 cm.
490 1 _aBlackwell companions to American history. Presidential companions
504 _aIncludes bibliographical references (p. [521]-581) and index.
505 0 _aThe changing South / Jeff Woods -- LBJ in the House and Senate / Donald A. Ritchie -- The vice presidency / Marc J. Selverstone -- Lady Bird Johnson / Lisa M. Burns -- Management and vision / Sean J. Savage -- The war on poverty / Edward R. Schmitt -- African-American civil rights / Kent B. Germany -- Mexican Americans / Lorena Oropeza -- Women's issues / Susan M. Hartmann -- Health care / Larry DeWitt and Edward D. Berkowitz -- Environmental policy / Martin V. Melosi -- American immigration policy / Donna R. Gabaccia and Maddalena Marinari -- LBJ and the Constitution / Robert David Johnson -- The urban crisis / David Steigerwald -- Education reform / Lawrence J. McAndrews -- Domestic insurgencies / Doug Rossinow -- LBJ and the conservative movement / Jeff Roche -- Decisions for war / Andrew Preston -- Fighting the Vietnam War / Robert D. Schulzinger -- The war at home / Mary Ann Wynkoop -- The war from the other side / Pierre Asselin -- Latin America / Alan McPherson -- Europe / Thomas Alan Schwartz -- LBJ and the Cold War / John Dumbrell -- The Middle East / Peter L. Hahn -- LBJ and the new global challenges / Mark Atwood Lawrence -- How great was the Great Society? / Sidney M. Milkis -- Lyndon B. Johnson and the world / Nicholas Evan Sarantakes -- The legacy of Lyndon B. Johnson / Andrew L. Johns.
600 1 0 _aJohnson, Lyndon B.
_q(Lyndon Baines),
_d1908-1973.
600 1 0 _aJohnson, Lyndon B.
_q(Lyndon Baines),
_d1908-1973
_xPolitical and social views.
650 0 _aVietnam War, 1961-1975.
650 0 _aPresidents
_zUnited States
_vBiography.
651 0 _aUnited States
_xPolitics and government
_y1963-1969.
651 0 _aUnited States
_xSocial conditions
_y1960-1980.
651 0 _aUnited States
_xForeign relations
_y1963-1969.
700 1 _aLerner, Mitchell B.,
_d1968-
830 0 _aBlackwell companions to American history.
856 4 1 _uhttp://dx.doi.org/10.1002/9781444347494
_zWiley
_zMIT Access Only
942 _2ddc
_cBK
946 _mwiley-disc
949 0 _4IP
_ad
_bDEW
_cSTACK
_o0
_p39080035527107
_x01
_hE846.C59 2012